=LDR 00000nam 2200000 4500 =001 INLIS000000000039406 =005 20130612145033 =008 ***********************************ind** =035 ##$$0010-061300000039406 =041 ##$$a ind =082 ##$$a 642.1 =090 ##$$a 642.1, Ast h =100 ##$$a ASTUTI, Susi =245 ##$$a Hidangan spesial tahu tempe, Susi astuti =260 ##$$a 2009 $b Jakarta =300 ##$$a Iv,72 Hlm, 20 Cm =650 ##$$a HIDANGAN MAKANAN =850 ##$$a NBPNMAT =990 ##$$a 21400613/BPAP-NTB/20142014 =990 ##$$a 0001/BPAP-NTB/20142014 =990 ##$$a 2090100917/BPAP-NTB/2015